Bandiere casuali °1 - Statistics

Statistiche generali
  • Questo quiz è stato fatto 77 volte
  • Il punteggio medio è 15 su 16
Statistiche sulle risposte
con Immagini Risposta % Corretto
Giappone
100%
Italia
100%
Stati uniti
100%
Canada
99%
Turchia
99%
Egitto
97%
Kosovo
97%
Andorra
93%
Kazakistan
91%
Pakistan
91%
Mongolia
87%
Somalia
85%
Paraguay
82%
Brunei
79%
Figi
79%
Belize
73%
Nessun quiz corrispondente trovato
Distribuzione punteggi
Percentuale di utenti per punteggio
Percentile per numero di risposta
I tuoi punteggi nel tempo
Non hai fatto questo quiz